Manual de la Constitución Argentina (Registro nro. 753)

Detalles MARC
000 -LEADER
fixed length control field 01562 a2200217 4500
001 - CONTROL NUMBER
control field 20916
005 - DATE AND TIME OF LATEST TRANSACTION
control field 20260407155500.0
008 - FIXED-LENGTH DATA ELEMENTS--GENERAL INFORMATION
fixed length control field 260407a2011 arg spa d
003 - CONTROL NUMBER IDENTIFIER
control field AR-UNSa-BCEJYS
040 ## - CATALOGING SOURCE
Original cataloging agency AR-UNSa-BCEJYS
Language of cataloging spa
Transcribing agency AR-UNSa-BCEJYS
080 ## - UNIVERSAL DECIMAL CLASSIFICATION NUMBER
Universal Decimal Classification number 342
Common auxiliary subdivision Derecho constitucional (Derecho Público)
020 ## - INTERNATIONAL STANDARD BOOK NUMBER
International Standard Book Number 978-950-20-2227-7
100 1# - MAIN ENTRY--PERSONAL NAME
Personal name Ekmekdjian, Miguel Ángel
245 10 - TITLE STATEMENT
Title Manual de la Constitución Argentina
Name of part/section of a work actualizado por docentes integrantes de su cátedra
264 #1 - PRODUCTION, PUBLICATION, DISTRIBUTION, MANUFACTURE, AND COPYRIGHT NOTICE
Place of production, publication, distribution, manufacture Buenos Aires :
Name of producer, publisher, distributor, manufacturer Abeledo Perrot
Date of production, publication, distribution, manufacture, or copyright notice 2011
300 ## - PHYSICAL DESCRIPTION
Extent xxxv, 571 p.
Dimensions 22 cm.
505 ## - FORMATTED CONTENTS NOTE
Formatted contents note 1. El poder y la libertad - 2. Constitución - 3. El poder constituyente - 4. Reforma constitucional - 5. Declaraciones, derechos y garantías - 6. Derechos civiles - 7. Derechos civiles (conclusión) - 8. Derechos patrimoniales - 9. Derechos políticos - 10. Derechos sociales - 11. Derechos de tercera generación - 12. Garantías - 13. Restricciones a los derechos - 14. Emergencias - 15. Estructura constitucional del Estado Argentino - 16. Estructura constitucional - 17. Federalismo - 18. Federalismo (conclusión) régimen municipal - 19. Intervención federal - 20. Régimen fiscal y financiero - 21. Poder Legislativo - 22. Atribuciones del Congreso - 23. Poder Ejecutivo - 24. Atribuciones del Poder Ejecutivo - 25. Poder Judicial - 26. Atribuciones del Poder Judicial
590 ## - LOCAL NOTE (RLIN)
Local note niveau_biblio:m niveau_hierar:0
856 41 - ELECTRONIC LOCATION AND ACCESS
Uniform Resource Identifier <a href="https://biblioeco.unsa.edu.ar/pmb/images/libros/Manual de la Constituci?n Argentina.jpg">https://biblioeco.unsa.edu.ar/pmb/images/libros/Manual de la Constituci?n Argentina.jpg</a>
Link text Imagen de portada
Electronic format type image/jpeg
942 ## - ADDED ENTRY ELEMENTS (KOHA)
Koha item type
Existencias
Withdrawn status Lost status Damaged status Not for loan Home library Current library Shelving location Date acquired Total checkouts Full call number Barcode Date last seen Price effective from Koha item type
        Biblioteca Prof. Eusebio Cleto del Rey Biblioteca Prof. Eusebio Cleto del Rey   07/04/2026   342 E36 L119140 07/04/2026 07/04/2026 Libro
        Biblioteca Prof. Eusebio Cleto del Rey Biblioteca Prof. Eusebio Cleto del Rey   07/04/2026   342 E36 L119144 07/04/2026 07/04/2026 Libro
        Biblioteca Prof. Eusebio Cleto del Rey Biblioteca Prof. Eusebio Cleto del Rey   07/04/2026   342 E36 L119143 07/04/2026 07/04/2026 Libro
        Biblioteca Prof. Eusebio Cleto del Rey Biblioteca Prof. Eusebio Cleto del Rey   07/04/2026   342 E36 L119142 07/04/2026 07/04/2026 Libro
        Biblioteca Prof. Eusebio Cleto del Rey Biblioteca Prof. Eusebio Cleto del Rey   07/04/2026   342 E36 L119141 07/04/2026 07/04/2026 Libro